Vista normal
Vista MARC
Entrada Topical Term
Número de registros utilizados en: 1
001 - CONTROL NUMBER
- control field: 10424
003 - CONTROL NUMBER IDENTIFIER
- control field: OSt
005 - DATE AND TIME OF LATEST TRANSACTION
- control field: 20200917163350.0
008 - FIXED-LENGTH DATA ELEMENTS
- fixed length control field: 200917|| aca||aabn | a|a d
040 ## - CATALOGING SOURCE
- Original cataloging agency: OSt
- Transcribing agency: OSt
150 ## - HEADING--TOPICAL TERM
- Topical term or geographic name entry element: Terminnología
670 ## - SOURCE DATA FOUND
- Source citation: Work cat.: (OSt)6340: Acevedo Latorre, Eduardo, autor 10423, Diccionario geográfico de la intendencia nacional del Chocó /, 2015